Statistics for FIFA FOOTBALL MAN CITY PLAYER BY PICTURE

Click here to take the quiz!

General Stats

  • This quiz has been taken 58 times
  • The average score is 36 of 52

Answer Stats

Answer% Correct
Kyle Walker
100%
Erling Haaland
92%
Kevin De Bruyne
92%
Raheem Sterling
92%
Phil Foden
90%
Ederson
88%
Mario Balotelli
88%
Frank Lampard
85%
Jack Grealish
85%
Vincent Kompany
85%
Leroy Sané
83%
Sergio Agüero
83%
Nathan Aké
81%
Bernardo Silva
79%
Gabriel Jesus
79%
İlkay Gündoğan
79%
Joe Hart
79%
David Silva
77%
Carlos Tevez
75%
John Stones
75%
Julián Álvarez
75%
Kalvin Phillips
75%
Oleksandr Zinchenko
75%
Rúben Dias
75%
Edin Džeko
73%
Fernandinho
73%
Rodri
73%
Aymeric Laporte
71%
João Cancelo
71%
Riyad Mahrez
71%
Samir Nasri
71%
Yaya Touré
69%
James Milner
67%
Joško Gvardiol
65%
Mateo Kovačić
65%
Manuel Akanji
63%
Ferrán Torres
60%
Nicolás Otamendi
60%
Claudio Bravo
56%
Jeremy Doku
54%
Jesús Navas
54%
Micah Richards
54%
Pablo Zabaleta
54%
Gaël Clichy
50%
Bacary Sagna
48%
Aleksandar Kolarov
46%
Danilo
46%
Fabian Delph
42%
Gareth Barry
38%
Nolito
38%
Martín Demichelis
33%
Álvaro Negredo
25%

Score Distribution

Percentile by Number Answered

Percent of People with Each Score

Your Score History

You have not taken this quiz